000
00304nam a2200133Ia 4500
008
200103s9999||||xx |||||||||||||| ||und||
040
_a
IMU-MPC
082
_a
Column-30
100
_a
Weld, LeRoy D.
245
2
_a
A textbook of Heat
260
_b
Macmillan, London
_c
1948
300
_a
x, 436
942
_c
BK
999
_c
7408
_d
7408